Rank Cities by Population - Statistics

General Stats
  • This quiz has been taken 119 times
  • The average score is 12 of 16
Answers on the Map
Answers color-coded by a green-red scale on the quiz's map according to % correct below.
 
Answer Stats
Answer % Correct
Fresno, Salt Lake City, St. Louis, Boston, Chicago
95%
London, Istanbul, Moscow, Jakarta, Tokyo
86%
Bristol, Liverpool, Leeds, Birmingham, London
84%
Darwin, Canberra, Adelaide, Brisbane, Sydney
80%
Manaus, Fortaleza, Brasilia, Rio de Janeiro, São Paulo
78%
Dijon, Strasbourg, Nice, Lyon, Paris
77%
Bloemfontein, Evaton, Pretoria, Cape Town, Johannesburg
76%
Bhopal, Lucknow, Ahmedabad, Chennai, Mumbai
74%
Cancún, Mexicali, León, Monterrey, Mexico City
74%
Venice, Palermo, Naples, Milan, Rome
69%
Harbin, Xi'an, Chengdu, Beijing, Shanghai
67%
Qom, Shiraz, Isfahan, Mashhad, Tehran
63%
Lisbon, Rome, Athens, Berlin, Madrid
60%
Halifax, Calgary, Vancouver, Montréal, Toronto
59%
Leipzig, Bremen, Stuttgart, Hamburg, Berlin
56%
Batman, Adana, Izmir, Ankara, Istanbul
54%
No matching quizzes found
Score Distribution
Percent of People with Each Score
Percentile by Number Answered
Your Score History
You have not taken this quiz